000 00337nam a2200145Ia 4500
008 180921t xxu||||| |||| 00| 0 eng d
041 _aeng
080 _a57(26)
_bLER
245 4 _aThe lerner marine laboratory
300 _a16p., ill., 27 cm
650 _aSea
942 _cBK
999 _c18755
_d18755
003 LK-CoDNM
040 _aLK-CoDNM
_dLK-CoDNM
_eLK-CoDNM